Gerard, Terborch (Record no. 4385)

MARC details
000 -CABECERA
campo de control de longitud fija 00819nam a2200265 a 4500
001 - NÚMERO DE CONTROL
campo de control BRCA_4685
005 - FECHA Y HORA DE LA ÚLTIMA TRANSACCIÓN
campo de control 20190320204751.0
008 - DATOS DE LONGITUD FIJA--INFORMACIÓN GENERAL
campo de control de longitud fija 011010s1911----be-a######---#000-0#fre-#
041 ## - CÓDIGO DE LENGUA
Código de lengua del texto/banda sonora o título independiente fre
044 ## - CÓDIGO DEL PAÍS DE LA ENTIDAD EDITORA/PRODUCTORA
Código MARC del país be
050 #4 - SIGNATURA TOPOGRÁFICA DE LA BIBLIOTECA DEL CONGRESO
Número de clasificación ND653.T4
Número de documento/Ítem .H45 1911
100 1# - ENTRADA PRINCIPAL--NOMBRE DE PERSONA
Nombre de persona Hellens, Franz
9 (RLIN) 11891
245 10 - MENCIÓN DE TÍTULO
Título Gerard, Terborch
Mención de responsabilidad, etc. par Franz Hellens.
260 ## - PUBLICACIÓN, DISTRIBUCIÓN, ETC.
Lugar de publicación, distribución, etc. Bruselas
Nombre del editor, distribuidor, etc. G. van Oest
Fecha de publicación, distribución, etc. 1911
300 ## - DESCRIPCIÓN FÍSICA
Extensión 132 p.
Otras características físicas il.
Dimensiones 21 cm.
440 #0 - MENCIÓN DE SERIE/PUNTO DE ACCESO ADICIONAL--TÍTULO
Título Collection des grands artistes des Pays-Bas
9 (RLIN) 11892
500 ## - NOTA GENERAL
Nota general Incluye listado de obra de Gerard Terborch e índice de ilustraciones
500 ## - NOTA GENERAL
Nota general D58
504 ## - NOTA DE BIBLIOGRAFÍA, ETC.
Nota de bibliografía, etc. Bibliografía: p. 128-130
600 14 - PUNTO DE ACCESO ADICIONAL DE MATERIA--NOMBRE DE PERSONA
Nombre de persona Terborch, Gerard
Fechas asociadas al nombre 1617-1681
9 (RLIN) 11893
650 14 - PUNTO DE ACCESO ADICIONAL DE MATERIA--TÉRMINO DE MATERIA
Término de materia o nombre geográfico como elemento de entrada Pintores holandeses
9 (RLIN) 11894
710 2# - PUNTO DE ACCESO ADICIONAL--NOMBRE DE ENTIDAD CORPORATIVA
Nombre de entidad corporativa o nombre de jurisdicción como elemento de entrada Librairie Nationale D´art & D´Histoire
9 (RLIN) 11895
902 ## - CATALOGADOR
Iniciales GFM
942 ## - ELEMENTOS DE PUNTO DE ACCESO ADICIONAL (KOHA)
Fuente del sistema de clasificación o colocación Library of Congress Classification
Tipo de ítem Koha Libros
Holdings
Estado de retiro Estado de pérdida Estado dañado No para préstamo Localización permanente Ubicación/localización actual Fecha de adquisición Número de inventario Total de préstamos Signatura topográfica completa Código de barras Fecha visto por última vez Precio válido a partir de Tipo de ítem Koha
El ejemplar forma parte de la colección y puede ser consultado según las políticas vigentes.       Biblioteca del Museo Franz Mayer (Rogerio Casas-Alatriste) Biblioteca del Museo Franz Mayer (Rogerio Casas-Alatriste) 01/10/2010 D58   ND653.T4 .H45 1911 (D58) 4696 22/03/2019 22/03/2019 Libros